[Event "63. BEM 2009"]
[Site "Dortmund"]
[Date "2009.02.26"]
[Round "3.1"]
[White "Simon, Thomas"]
[Black "Goldschmidt, Christian"]
[Result "0-1"]
[WhiteElo "1932"]
[BlackElo "2169"]
[PlyCount "88"]
[EventDate "2009.??.??"]
[Source "SG Dortmund"]
[SourceDate "2004.12.16"]

1. Nf3 Nf6 2. g3 g6 3. b3 Bg7 4. Bb2 O-O 5. Bg2 d6 6. d4 Nbd7 7. O-O c6 8. a4
Re8 9. Nbd2 Qc7 10. Nc4 Ne4 11. Nfd2 Nxd2 12. Nxd2 e5 13. e3 d5 14. e4 dxe4 15.
Nxe4 f5 16. Ng5 e4 17. Re1 h6 18. Nf3 Kf7 19. Qe2 Nf8 20. Ne5+ Bxe5 21. dxe5
Be6 22. f3 exf3 23. Qxf3 Rad8 24. Rad1 Rxd1 25. Rxd1 Rd8 26. Rxd8 Qxd8 27. Bc3
Qd5 28. Qf2 Qd1+ 29. Bf1 Nd7 30. Bd4 b6 31. Qe3 Bd5 32. c4 Be4 33. c5 Qf3 34.
Bc4+ Ke7 35. Qxf3 Bxf3 36. cxb6 axb6 37. e6 c5 38. Bg7 Nf8 39. Bxf8+ Kxf8 40.
Kf2 Bb7 41. Ke3 Ke7 42. Kf4 Kf6 43. h4 g5+ 44. Ke3 Bc8 0-1

[Event "63. BEM 2009"]
[Site "Dortmund"]
[Date "2009.02.26"]
[Round "3.2"]
[White "Kartsev, Soel"]
[Black "Lauche, Christoph"]
[Result "1-0"]
[WhiteElo "2127"]
[BlackElo "1950"]
[PlyCount "103"]
[EventDate "2009.??.??"]
[Source "SG Dortmund"]
[SourceDate "2004.12.16"]

1. Nf3 Nc6 2. g3 e5 3. d4 exd4 4. Nxd4 Bc5 5. c3 Qf6 6. Bg2 Nxd4 7. cxd4 Qxd4
8. O-O Qxd1 9. Rxd1 Ne7 10. Nc3 O-O 11. Bf4 Bb6 12. Nb5 d6 13. a4 Nc6 14. Be3
Bxe3 15. fxe3 Bg4 16. Nxc7 Rac8 17. Nb5 Ne5 18. Rdc1 Bxe2 19. Nd4 Bh5 20. Bxb7
Rce8 21. Rc3 Re7 22. Bd5 Ng4 23. e4 Bg6 24. Nc6 Rc7 25. b4 Kh8 26. b5 Nf6 27.
Rc4 Re8 28. Na5 Rxc4 29. Nxc4 Bxe4 30. Bxf7 Rd8 31. a5 d5 32. Ne5 Rb8 33. Be6
g6 34. Nf7+ Kg7 35. Nd6 Bd3 36. a6 Kf8 37. Nc8 Ra8 38. Ra5 Ke8 39. Bh3 Kd8 40.
Nd6 Kc7 41. Ra3 Rb8 42. Rxd3 Kxd6 43. Rf3 Ke5 44. Bf1 d4 45. h3 Rb6 46. g4 h6
47. Bd3 Ne4 48. Rf7 Nd6 49. Rxa7 Kd5 50. Rd7 Rb8 51. a7 Ra8 52. b6 1-0

[Event "63. BEM 2009"]
[Site "Dortmund"]
[Date "2009.02.26"]
[Round "3.4"]
[White "Lindam, Ingo"]
[Black "Schütte, Tobias"]
[Result "1/2-1/2"]
[WhiteElo "2033"]
[BlackElo "1912"]
[PlyCount "81"]
[EventDate "2009.??.??"]
[Source "SG Dortmund"]
[SourceDate "2004.12.16"]

1. d4 d5 2. Nf3 e6 3. Bf4 f5 4. e3 Nf6 5. Nbd2 Bd6 6. Ne5 O-O 7. Bd3 Nbd7 8.
Qe2 Ne4 9. h4 Nxe5 10. dxe5 Be7 11. c3 Nxd2 12. Qxd2 c5 13. Rd1 c4 14. Bb1 b5
15. g4 Bb7 16. Rg1 Qe8 17. Qe2 Bc5 18. Qf3 Qd7 19. Qh3 Rf7 20. Ke2 b4 21. gxf5
exf5 22. e4 Re8 23. exf5 Qb5 24. e6 bxc3 25. bxc3 Qb2+ 26. Rd2 Qb6 27. Be5 Rxe6
28. Rxg7+ Rxg7 29. fxe6 Qxb1 30. Bxg7 Kxg7 31. Qg3+ Kf6 32. Qc7 Be7 33. Rd1
Qxa2+ 34. Kf1 Qc2 35. Re1 Qd3+ 36. Kg1 Qg6+ 37. Kf1 Qd3+ 38. Kg1 Qg6+ 39. Kh2
Qf5 40. Kg1 Qg6+ 41. Kf1 1/2-1/2

[Event "63. BEM 2009"]
[Site "Dortmund"]
[Date "2009.02.26"]
[Round "3.5"]
[White "Ziperstein, Jakob"]
[Black "Zelt, Jens"]
[Result "0-1"]
[WhiteElo "1801"]
[BlackElo "2015"]
[PlyCount "142"]
[EventDate "2009.??.??"]
[Source "SG Dortmund"]
[SourceDate "2004.12.16"]

1. e4 c5 2. Nf3 d6 3. Nc3 a6 4. d4 cxd4 5. Nxd4 Nf6 6. Be2 Nbd7 7. O-O g6 8.
Re1 Bg7 9. Nf3 O-O 10. h3 b5 11. a3 Bb7 12. Bd3 Rc8 13. Be3 Re8 14. Qd2 Qc7 15.
Rad1 Nb6 16. Qe2 Nfd7 17. Bd4 e5 18. Be3 d5 19. Bxb6 Nxb6 20. Nd2 d4 21. Ncb1
Na4 22. b3 Nc5 23. Nf1 Ne6 24. g3 Qc6 25. h4 h5 26. f3 Bh6 27. Qg2 Qb6 28. Kh2
Rc7 29. Re2 Rec8 30. Qf2 Qc6 31. b4 a5 32. Qe1 a4 33. Rg2 Kh8 34. Qe2 Ba6 35.
Nfd2 Qd7 36. Nf1 Qe8 37. Rf2 Rb8 38. Qe1 Rbc8 39. Qe2 f6 40. Re1 Rb8 41. Rd1
Bc8 42. Rg2 Bd7 43. Kg1 Rbc8 44. Rh2 Kg7 45. Re1 Kf7 46. Qd1 Ke7 47. Ree2 Kd6
48. Qe1 Qh8 49. Reg2 g5 50. Qe2 gxh4 51. Rxh4 Bg5 52. Rhh2 Qe8 53. f4 exf4 54.
Rxh5 fxg3 55. Qf3 Nf4 56. Nxg3 Nxh5 57. Nxh5 Qe5 58. Ng3 Rh8 59. Re2 Be3+ 60.
Kf1 Rg8 61. Rxe3 dxe3 62. Qxe3 Rxg3 63. Qb6+ Bc6 64. Ke2 Qh5+ 65. Kd2 Qg5+ 66.
Kc3 Kd7 67. Qd4+ Kc8 68. Qb6 Bxe4+ 69. Kb2 Qe5+ 70. Ka2 Bd5+ 71. c4 Rg2+ {
und Weiss ueberschritt die Zeit ...} 0-1

[Event "63. BEM 2009"]
[Site "Dortmund"]
[Date "2009.02.26"]
[Round "3.6"]
[White "Borjini, Mohamed"]
[Black "Hellwig, Thomas"]
[Result "1-0"]
[WhiteElo "1941"]
[BlackElo "1858"]
[PlyCount "97"]
[EventDate "2009.??.??"]
[Source "SG Dortmund"]
[SourceDate "2004.12.16"]

1. d4 Nf6 2. c4 g6 3. Nc3 Bg7 4. e4 d6 5. f4 O-O 6. Nf3 Bg4 7. h3 Bxf3 8. Qxf3
Nc6 9. Be3 e5 10. fxe5 dxe5 11. d5 Nd4 12. Qf2 Nd7 13. O-O-O f5 14. Qd2 c6 15.
h4 f4 16. Bf2 c5 17. h5 a6 18. hxg6 hxg6 19. Be2 Nf6 20. Bh4 b5 21. Qd3 Qa5 22.
Bxf6 Rxf6 23. Bg4 b4 24. Ne2 Qxa2 25. Nxd4 cxd4 26. Kc2 Qa5 27. Qh3 b3+ 28. Kd3
Qd8 29. Be6+ Kf8 30. Qh7 Rxe6 31. dxe6 Qf6 32. Qh3 Ke7 33. Ra1 a5 34. Qg4 Qxe6
35. Qxe6+ Kxe6 36. Ra3 Bf8 37. Rxb3 Bb4 38. Ke2 Rc8 39. Rc1 g5 40. Rh3 g4 41.
Rh6+ Kd7 42. Rg6 f3+ 43. gxf3 gxf3+ 44. Kxf3 d3 45. Rh1 Rf8+ 46. Ke3 d2 47.
Rh7+ Ke8 48. Re6+ Kd8 49. Ra6 1-0

[Event "63. BEM 2009"]
[Site "Dortmund"]
[Date "2009.02.26"]
[Round "3.7"]
[White "Wiebesiek, Michael"]
[Black "Begna, Bozidar"]
[Result "0-1"]
[WhiteElo "1524"]
[BlackElo "1937"]
[PlyCount "110"]
[EventDate "2009.??.??"]
[Source "SG Dortmund"]
[SourceDate "2004.12.16"]

1. d4 Nf6 2. Nf3 c5 3. e3 d5 4. c4 e6 5. Nc3 Nc6 6. a3 Bd6 7. cxd5 exd5 8. dxc5
Bxc5 9. b4 Bd6 10. h3 O-O 11. Bd3 Ne5 12. Bb2 Nxd3+ 13. Qxd3 Be6 14. Nb5 Bb8
15. Rc1 a6 16. Ng5 Ne4 17. Nxe4 dxe4 18. Qc3 f6 19. Nc7 Bxc7 20. Qxc7 Qd3 21.
Qc3 Qb5 22. Qc5 Qd3 23. Qc3 Rac8 24. Qxd3 exd3 25. Kd2 Bc4 26. Bd4 Rfd8 27. Rc3
Rc6 28. Rhc1 Rdc8 29. a4 b5 30. a5 Kf7 31. Bc5 Ke6 32. Bd4 Kd5 33. Bc5 h5 34.
Bd4 Re8 35. Re1 f5 36. f3 Rg6 37. Rg1 Rg3 38. Rcc1 Re6 39. Rcf1 Reg6 40. Rf2
Rxh3 41. Bc5 Rh2 42. Bb6 Kd6 43. Ba7 Kd7 44. Bb8 Rh4 45. Bf4 Rh3 46. Rc1 Rh4
47. Rg1 Bb3 48. Kxd3 Rc6 49. Kd2 Rc2+ 50. Kd3 Rxf2 51. Bg3 Bc2+ 52. Kc3 Rc4+
53. Kb2 Rxb4+ 54. Kc3 Rc4+ 55. Kb2 Re2 0-1

[Event "63. BEM 2009"]
[Site "Dortmund"]
[Date "2009.02.26"]
[Round "3.8"]
[White "Hoppe, Dirk"]
[Black "Rzoczek, Christoph"]
[Result "1-0"]
[WhiteElo "1818"]
[BlackElo "1622"]
[PlyCount "71"]
[EventDate "2009.??.??"]
[Source "SG Dortmund"]
[SourceDate "2004.12.16"]

1. e4 d5 2. exd5 Qxd5 3. Nc3 Qa5 4. d4 Nf6 5. Nf3 c6 6. Bc4 e6 7. Qe2 Be7 8.
Bd2 Qc7 9. a4 O-O 10. O-O Nbd7 11. Bxe6 Nb6 12. Bxc8 Raxc8 13. a5 Nbd5 14. Nxd5
cxd5 15. c3 Ne4 16. Rfe1 a6 17. Ne5 f6 18. Nd3 Bd6 19. g3 Nxd2 20. Qxd2 Rfe8
21. Rxe8+ Rxe8 22. b4 Qc4 23. Re1 Rc8 24. Nc5 Bxc5 25. dxc5 Kf7 26. Qe3 Qe4 27.
Qxe4 dxe4 28. Rxe4 Rd8 29. Kf1 f5 30. Rd4 Re8 31. Rd7+ Re7 32. Rxe7+ Kxe7 33.
Ke2 Ke6 34. Kd3 Kd5 35. c4+ Kc6 36. Kd4 1-0

[Event "63. BEM 2009"]
[Site "Dortmund"]
[Date "2009.02.26"]
[Round "3.9"]
[White "Clausen, Dirk"]
[Black "Sonntag, Joachim"]
[Result "1-0"]
[WhiteElo "1606"]
[BlackElo "1788"]
[PlyCount "26"]
[EventDate "2009.??.??"]
[Source "SG Dortmund"]
[SourceDate "2004.12.16"]

1. c4 Nf6 2. d4 c6 3. Nc3 d5 4. Bg5 Nbd7 5. cxd5 cxd5 6. Nf3 e6 7. e3 Qa5 8.
Bd3 Ne4 9. Bxe4 dxe4 10. Ne5 Bb4 11. Qb3 Nb6 12. Bh4 f6 13. Nc4 Bd7 1-0

[Event "63. BEM 2009"]
[Site "Dortmund"]
[Date "2009.02.26"]
[Round "3.10"]
[White "Kartsev, Alexandr"]
[Black "Ezzat, Tarik"]
[Result "1-0"]
[WhiteElo "1988"]
[BlackElo "1517"]
[PlyCount "71"]
[EventDate "2009.??.??"]
[Source "SG Dortmund"]
[SourceDate "2004.12.16"]

1. d4 d5 2. Nf3 Nf6 3. Bg5 e6 4. e3 h6 5. Bh4 Be7 6. c4 c6 7. Nc3 O-O 8. cxd5
exd5 9. Bd3 Ne4 10. Bxe7 Qxe7 11. Bxe4 dxe4 12. Nd2 f5 13. O-O Nd7 14. Qb3+ Kh8
15. Nc4 Nf6 16. Ne5 Kh7 17. f3 Be6 18. Qc2 exf3 19. Rxf3 Nd7 20. Nd3 Rf6 21.
Nf4 Nb6 22. e4 Kg8 23. Nxe6 Qxe6 24. exf5 Qd7 25. Rd1 Raf8 26. g4 Nd5 27. Ne4
Rg6 28. Rg3 Rd6 29. Nxd6 Qxd6 30. Qe4 Kh8 31. Qe5 Qb4 32. g5 hxg5 33. Rxg5 Nf6
34. Qc7 Rg8 35. Qf7 Ng4 36. Rxg4 1-0

[Event "63. BEM 2009"]
[Site "Dortmund"]
[Date "2009.02.26"]
[Round "3.11"]
[White "Schirmer, Michael"]
[Black "Morawietz, Manuel"]
[Result "0-1"]
[WhiteElo "1424"]
[BlackElo "1810"]
[PlyCount "48"]
[EventDate "2009.??.??"]
[Source "SG Dortmund"]
[SourceDate "2004.12.16"]

1. c4 c6 2. Nc3 d5 3. e3 Nf6 4. Nf3 e6 5. Be2 Bd6 6. O-O O-O 7. d4 b6 8. a3 a5
9. Qc2 Bb7 10. Bd2 Nbd7 11. Rac1 Qe7 12. e4 dxe4 13. Nxe4 c5 14. Nxd6 Qxd6 15.
dxc5 Nxc5 16. Be3 e5 17. b4 axb4 18. axb4 Ne6 19. c5 bxc5 20. bxc5 Qc7 21. Rfd1
Bc6 22. Ng5 Ba4 23. Nxe6 fxe6 24. Bc4 Bxc2 0-1

[Event "63. BEM 2009"]
[Site "Dortmund"]
[Date "2009.02.26"]
[Round "3.12"]
[White "Ziemek, Gerhard"]
[Black "Zabel, Reinhard"]
[Result "1-0"]
[WhiteElo "1733"]
[BlackElo "1489"]
[PlyCount "97"]
[EventDate "2009.??.??"]
[Source "SG Dortmund"]
[SourceDate "2004.12.16"]

1. d4 d5 2. Nc3 Nf6 3. f3 e6 4. e4 dxe4 5. fxe4 Bb4 6. Bd3 b6 7. Nf3 Bb7 8. Qe2
h6 9. O-O O-O 10. a3 Be7 11. Be3 Nbd7 12. Rad1 c5 13. d5 exd5 14. exd5 Nxd5 15.
Nxd5 Bxd5 16. Bb5 Nf6 17. c4 Bxf3 18. Qxf3 Qc8 19. Bc6 Rb8 20. Bf4 Rd8 21.
Rxd8+ Bxd8 22. Bxb8 Qxb8 23. Rd1 Bc7 24. h3 Be5 25. b4 Bd4+ 26. Kh1 Qe5 27. Rf1
Qe6 28. Bd5 Qe7 29. b5 Qe5 30. Qf5 Qe7 31. Qc8+ Kh7 32. Qf5+ Kg8 33. a4 Qe8 34.
Bb7 Qe7 35. Bf3 Qe8 36. Qf4 Qe7 37. Qb8+ Kh7 38. Qb7 Qxb7 39. Bxb7 Kg8 40. g4
g5 41. Re1 Kf8 42. Re2 Nd7 43. Bd5 f6 44. Re6 Be5 45. Rc6 Ke7 46. Rc8 Bb8 47.
Rh8 Be5 48. Rxh6 Kd6 49. Rh7 1-0

[Event "63. BEM 2009"]
[Site "Dortmund"]
[Date "2009.02.26"]
[Round "3.13"]
[White "Siwy, Boguslaw"]
[Black "Krüger, Georg"]
[Result "1-0"]
[WhiteElo "1412"]
[BlackElo "1711"]
[PlyCount "47"]
[EventDate "2009.??.??"]
[Source "SG Dortmund"]
[SourceDate "2004.12.16"]

1. e4 c5 2. Nf3 d6 3. d4 cxd4 4. Nxd4 Nf6 5. Nc3 a6 6. Bd3 e6 7. Bg5 Be7 8. Qe2
Qc7 9. O-O O-O 10. Qe3 Bd7 11. Qg3 Nc6 12. Nde2 Rac8 13. f4 b5 14. a3 Kh8 15.
Qh4 h6 16. Bxh6 gxh6 17. Qxh6+ Nh7 18. e5 f5 19. exf6 Rf7 20. Ne4 Bf8 21. Qh4
Qd8 22. Rf3 d5 23. Ng5 Qxf6 24. Nxf7+ 1-0

[Event "63. BEM 2009"]
[Site "Dortmund"]
[Date "2009.02.26"]
[Round "3.14"]
[White "Schultz, Bernfried"]
[Black "Gegner, Michael"]
[Result "1-0"]
[WhiteElo "1683"]
[BlackElo "1440"]
[PlyCount "63"]
[EventDate "2009.??.??"]
[Source "SG Dortmund"]
[SourceDate "2004.12.16"]

1. e4 e5 2. Nf3 f5 3. Bc4 fxe4 4. Nxe5 Qg5 5. d4 Qxg2 6. Qh5+ g6 7. Bf7+ Kd8 8.
Qg5+ Qxg5 9. Bxg5+ Be7 10. h4 Nf6 11. Bxg6 hxg6 12. Nf7+ Ke8 13. Nxh8 Nc6 14.
c3 Nd5 15. Nxg6 Bxg5 16. hxg5 Kf7 17. Ne5+ Nxe5 18. dxe5 Kg6 19. Rg1 Nf4 20.
Nd2 Nd3+ 21. Ke2 Nxe5 22. Nxe4 d5 23. Nf6 c6 24. f4 Nc4 25. b3 Nd6 26. Kf3 Bf5
27. Rae1 Rh8 28. Rh1 Rxh1 29. Rxh1 Ne4 30. Rh6+ Kg7 31. Nxe4 dxe4+ 32. Ke3 1-0

[Event "63. BEM 2009"]
[Site "Dortmund"]
[Date "2009.02.26"]
[Round "3.15"]
[White "Flierdl, Lothar"]
[Black "Jentzsch, Werner Wilfried"]
[Result "1-0"]
[WhiteElo "1675"]
[BlackElo "1414"]
[PlyCount "68"]
[EventDate "2009.??.??"]
[Source "SG Dortmund"]
[SourceDate "2004.12.16"]

1. d4 d5 2. Nf3 Nc6 3. Bf4 Nf6 4. Nbd2 e6 5. e3 Bd6 6. Bg5 h6 7. Bh4 g5 8. Bg3
Bxg3 9. hxg3 Nh7 10. Rxh6 g4 11. Ng1 Qg5 12. Rh4 f5 13. a3 Bd7 14. Ne2 O-O-O
15. Nb3 Nf6 16. Rxh8 Rxh8 17. Qd3 Ne4 18. Nf4 Rh1 19. Nd2 a6 20. Nxe4 fxe4 21.
Qc3 Qf5 22. O-O-O Nd8 23. Qc5 Kb8 24. Qe7 Kc8 25. b3 Nc6 26. Qg7 Rh7 27. Qg8+
Nd8 28. Be2 Qf7 29. Qxf7 Rxf7 30. Bxg4 Rg7 31. Bh3 e5 32. Bxd7+ Kxd7 33. dxe5
Ne6 34. Nxd5 Kc6 1-0

[Event "63. BEM 2009"]
[Site "Dortmund"]
[Date "2009.02.26"]
[Round "3.16"]
[White "Schaefer, Ulrich"]
[Black "Duschek, Günter"]
[Result "1/2-1/2"]
[WhiteElo "1328"]
[BlackElo "1640"]
[PlyCount "91"]
[EventDate "2009.??.??"]
[Source "SG Dortmund"]
[SourceDate "2004.12.16"]

1. e4 d5 2. exd5 Qxd5 3. Nc3 Qd8 4. Nf3 Bf5 5. d4 c6 6. Bc4 e6 7. a3 a5 8. O-O
Nf6 9. Re1 Be7 10. Bd3 Bxd3 11. Qxd3 Nbd7 12. Bf4 O-O 13. h3 Nd5 14. Nxd5 exd5
15. Re3 Bf6 16. Rae1 Nb6 17. Ne5 Nc4 18. Nxc4 dxc4 19. Qxc4 Qxd4 20. Qxd4 Bxd4
21. Rb3 b5 22. Rd1 a4 23. Rb4 Bc5 24. Re4 Rfe8 25. Rxe8+ Rxe8 26. Kf1 f6 27.
Bc7 b4 28. axb4 Bxb4 29. c3 Bc5 30. Rd8 Rxd8 31. Bxd8 Kf7 32. Ke2 Ke6 33. f3 a3
34. bxa3 Bxa3 35. Kd3 h5 36. Ke4 f5+ 37. Kd4 g6 38. Bb6 Bd6 39. c4 Be5+ 40. Kc5
Kd7 41. Ba5 Bg3 42. Bc3 Bf2+ 43. Bd4 Bg3 44. Be3 Bd6+ 45. Kb6 Bc7+ 46. Kb7
1/2-1/2

[Event "63. BEM 2009"]
[Site "Dortmund"]
[Date "2009.02.26"]
[Round "3.17"]
[White "Raskin, Vitali"]
[Black "Boxberg, Marc"]
[Result "1/2-1/2"]
[WhiteElo "1612"]
[BlackElo "1409"]
[PlyCount "99"]
[EventDate "2009.??.??"]
[Source "SG Dortmund"]
[SourceDate "2004.12.16"]

1. d4 Nf6 2. c4 g6 3. Nf3 Bg7 4. e3 O-O 5. Bd3 d6 6. h3 Nbd7 7. O-O e5 8. Nc3
Re8 9. dxe5 dxe5 10. e4 Nc5 11. Bc2 Qxd1 12. Rxd1 a6 13. b4 Ncd7 14. Nd5 Nxd5
15. cxd5 b6 16. a4 Bb7 17. Bb2 Rad8 18. Bb3 Bf8 19. Rac1 Rc8 20. b5 a5 {(=)}
21. Rc4 Bd6 22. Rcc1 f6 23. Nd2 Nc5 24. Bc2 h5 25. Nc4 Kg7 26. Nxd6 cxd6 27.
Ba3 g5 28. f3 Kg6 29. Kf2 Rf8 30. g3 Rc7 31. f4 Rff7 32. Ke3 Bc8 33. f5+ Kg7 {
(=)} 34. Bb1 Bb7 35. Bxc5 Rxc5 36. Rxc5 bxc5 37. Rd2 Bc8 38. b6 Rb7 39. Rb2 Bd7
40. Bc2 Be8 41. Kd2 Kf7 42. Bd3 Ke7 43. Ba6 Rb8 44. b7 Kd8 45. Kc3 Kc7 {(=)}
46. Bb5 Bxb5 47. Rxb5 Rxb7 48. Rxa5 Rb4 49. Ra7+ Rb7 50. Ra8 {(=)} 1/2-1/2

[Event "63. BEM 2009"]
[Site "Dortmund"]
[Date "2009.02.26"]
[Round "3.18"]
[White "Gerke, Dieter"]
[Black "Schoppe, Hans-Werner"]
[Result "1-0"]
[WhiteElo "1587"]
[BlackElo "1299"]
[PlyCount "53"]
[EventDate "2009.??.??"]
[Source "SG Dortmund"]
[SourceDate "2004.12.16"]

1. d4 e6 2. e4 d5 3. e5 c5 4. Nf3 Bd7 5. Be2 Nc6 6. c3 cxd4 7. cxd4 Nge7 8. O-O
Nf5 9. a3 Qb6 10. Nc3 Ncxd4 11. Bd3 Be7 12. b4 Rc8 13. Bb2 Nxf3+ 14. Qxf3 Nh4
15. Qe2 a6 16. Rfe1 Ng6 17. g3 Bd8 18. Rac1 Bc7 19. Qh5 Qa7 20. Nxd5 Bc6 21.
Nxc7+ Rxc7 22. Bxg6 fxg6 23. Qg4 Re7 24. Bd4 Qb8 25. Bc5 h5 26. Qxg6+ Rf7 27.
Qxe6+ 1-0

[Event "63. BEM 2009"]
[Site "Dortmund"]
[Date "2009.02.26"]
[Round "3.19"]
[White "Krüger, Inge"]
[Black "Reinacher, Detlev"]
[Result "1-0"]
[WhiteElo "1272"]
[BlackElo "1554"]
[PlyCount "91"]
[EventDate "2009.??.??"]
[Source "SG Dortmund"]
[SourceDate "2004.12.16"]

1. d4 d5 2. c4 e6 3. Nc3 Nf6 4. Bg5 Nbd7 5. Nf3 c6 6. cxd5 exd5 7. e3 h6 8. Bh4
Bd6 9. Be2 O-O 10. O-O b6 11. Rc1 Bb7 12. Qc2 Rc8 13. Qb1 a6 14. e4 dxe4 15.
Nxe4 Bb8 16. Rfd1 g5 17. Bg3 Nxe4 18. Bxb8 Nxf2 19. Kxf2 Rxb8 20. Qf5 Nf6 21.
Ne5 Rc8 22. Bc4 Kg7 23. Bxf7 Ne4+ 24. Kg1 Qf6 25. Qxe4 Rxf7 26. Nxf7 Qxf7 27.
Qe5+ Qf6 28. Qxf6+ Kxf6 29. Rf1+ Ke6 30. b3 Rh8 31. h3 Kd6 32. Rf5 Re8 33. Kf2
Re4 34. Rd1 Bc8 35. Rf6+ Re6 36. Rxe6+ Kxe6 37. Ke3 h5 38. g3 Kd5 39. h4 gxh4
40. gxh4 a5 41. Rf1 c5 42. dxc5 bxc5 43. Rf8 Bd7 44. Ra8 a4 45. bxa4 c4 46.
Ra5+ 1-0

[Event "63. BEM 2009"]
[Site "Dortmund"]
[Date "2009.02.26"]
[Round "3.20"]
[White "Noori, Mir Ahmad"]
[Black "Pfeffer, Josef"]
[Result "1-0"]
[WhiteElo "1548"]
[BlackElo "1241"]
[PlyCount "58"]
[EventDate "2009.??.??"]
[Source "SG Dortmund"]
[SourceDate "2004.12.16"]

1. d4 d5 2. Nf3 e6 3. e3 Nc6 4. a3 Bd7 5. b3 a5 6. Bb2 Bd6 7. Nbd2 Nf6 8. c4
dxc4 9. Nxc4 Be7 10. Be2 b5 11. Nce5 Nxe5 12. Nxe5 O-O 13. O-O Bd6 14. Bf3 Rb8
15. Rc1 Bxe5 16. dxe5 Ne8 17. Bd4 Kh8 18. Qc2 g6 19. Ba7 Rg8 20. Bxb8 Qxb8 21.
Rfd1 Bc8 22. Bc6 Ng7 23. Bd7 Rd8 24. Bxc8 Rxd1+ 25. Qxd1 Qxc8 26. Qc2 Ne8 27.
Qc6 Qb8 28. h3 Kg7 29. Rc5 b4 1-0

[Event "63. BEM 2009"]
[Site "Dortmund"]
[Date "2009.02.26"]
[Round "3.21"]
[White "Böckmann, Lieselotte"]
[Black "Benke, Werner"]
[Result "0-1"]
[WhiteElo "978"]
[BlackElo "1543"]
[PlyCount "136"]
[EventDate "2009.??.??"]
[Source "SG Dortmund"]
[SourceDate "2004.12.16"]

1. d4 Nf6 2. c4 e6 3. Bd2 Be7 4. Nc3 d5 5. e3 O-O 6. Nf3 a6 7. Be2 dxc4 8. Bxc4
b5 9. Bd3 Bb7 10. e4 b4 11. Ne2 Bxe4 12. Bxe4 Nxe4 13. O-O Nd7 14. a3 bxa3 15.
Ba5 axb2 16. Rb1 Rb8 17. Qc2 Nef6 18. Rxb2 Rxb2 19. Qxb2 Nb6 20. Ne5 Bd6 21. f4
Nfd5 22. Qb3 Qe8 23. Be1 Qb5 24. Qf3 Nf6 25. Nc3 Qb3 26. Qe2 Nbd5 27. Rf3 Nxc3
28. Rxc3 Qb1 29. Nf3 Nd5 30. Rc2 Nxf4 31. Qd2 Rb8 32. Kf1 h6 33. Rc1 Qd3+ 34.
Qxd3 Nxd3 35. Ra1 Nxe1 36. Kxe1 a5 37. Rxa5 Bb4+ 38. Ke2 Bxa5 39. Ne5 Rb2+ 40.
Kf3 Rb3+ 41. Ke4 Bb6 42. Nc6 Rb2 43. Kf3 Rc2 44. Nb4 Rb2 45. Nc6 f6 46. h3 g5
47. g3 f5 48. Ne7+ Kf7 49. Nc6 Kf6 50. Ne5 Rb3+ 51. Kg2 Bxd4 52. Nc4 e5 53. Na5
Rb2+ 54. Kf1 c5 55. Nc4 Rf2+ 56. Ke1 Rf3 57. g4 f4 58. Nd6 Rxh3 59. Ne4+ Ke6
60. Kd2 c4 61. Ke2 Re3+ 62. Kf2 Rxe4+ 63. Kf3 Re3+ 64. Kf2 c3 65. Kg2 c2 66.
Kf2 c1=Q 67. Kg2 Qd2+ 68. Kg1 Re1# 0-1

[Event "63. BEM 2009"]
[Site "Dortmund"]
[Date "2009.02.26"]
[Round "3.22"]
[White "Völler, Lothar"]
[Black "Hast, Stefan"]
[Result "1-0"]
[WhiteElo "1492"]
[BlackElo "1143"]
[PlyCount "73"]
[EventDate "2009.??.??"]
[Source "SG Dortmund"]
[SourceDate "2004.12.16"]

1. f4 d5 2. d4 Bg4 3. Nf3 Bxf3 4. exf3 e6 5. Bd3 Nc6 6. c3 f5 7. O-O Qf6 8. Re1
O-O-O 9. Qc2 h6 10. Rxe6 Qxe6 11. Bxf5 Qxf5 12. Qxf5+ Kb8 13. Be3 Nge7 14. Qc2
g6 15. Bf2 Nf5 16. Nd2 Bd6 17. g3 Nce7 18. Nf1 g5 19. fxg5 hxg5 20. Ne3 Nxe3
21. Bxe3 Rh3 22. Bxg5 Bxg3 23. Bxe7 Rdh8 24. Qg6 Bxh2+ 25. Kf2 Bf4 26. Rg1 a5
27. Rg2 Rh1 28. Qf7 Bd2 29. Rg8+ Rxg8 30. Qxg8+ Ka7 31. Qxd5 Ka6 32. Qc4+ Ka7
33. Qxc7 Be1+ 34. Ke2 Ka6 35. Qb8 Rg1 36. Qa8+ Kb5 37. Qxb7+ 1-0

[Event "63. BEM 2009"]
[Site "Dortmund"]
[Date "2009.02.26"]
[Round "3.24"]
[White "Hansen, Jochen"]
[Black "Strotmann, Dieter"]
[Result "1-0"]
[WhiteElo "1396"]
[BlackElo "1192"]
[PlyCount "104"]
[EventDate "2009.??.??"]
[Source "SG Dortmund"]
[SourceDate "2004.12.16"]

1. e4 c5 2. c3 d6 3. d4 cxd4 4. cxd4 Nf6 5. Nc3 a6 6. Nf3 Bg4 7. Be2 g6 8. O-O
Bg7 9. h3 Bxf3 10. Bxf3 Nc6 11. Be3 O-O 12. a3 Rb8 13. Be2 e5 14. d5 Ne7 15.
Qd2 Nd7 16. Bg5 f6 17. Bh6 f5 18. Bg5 Nc5 19. Qc2 Bf6 20. Bh6 Rf7 21. b4 Nd7
22. Qd3 Bg7 23. Bg5 Nf6 24. exf5 Nxf5 25. Ne4 Qd7 26. Rac1 h6 27. Bd2 Nd4 28.
Nxf6+ Rxf6 29. Bg4 Qe7 30. Rce1 h5 31. Bd1 Qd7 32. Bg5 Rf5 33. Qe3 Rbf8 34. Qg3
Qf7 35. Be3 Kh7 36. Bxd4 exd4 37. Re6 Be5 38. Qh4 Rf4 39. g4 Kg8 40. Bc2 hxg4
41. Rxg6+ Bg7 42. Rxg4 Rxg4+ 43. hxg4 Be5 44. Qg5+ Qg7 45. Qxg7+ Kxg7 46. Bf5
Rh8 47. Rc1 Kf6 48. Rc7 Bh2+ 49. Kf1 Re8 50. Rxb7 Ke5 51. Be6 d3 52. Ke1 Rc8
1-0

[Event "63. BEM 2009"]
[Site "Dortmund"]
[Date "2009.02.26"]
[Round "3.25"]
[White "Schrimpl, Michael"]
[Black "Rabe, Mark"]
[Result "1-0"]
[WhiteElo "1476"]
[BlackElo "999"]
[PlyCount "81"]
[EventDate "2009.??.??"]
[Source "SG Dortmund"]
[SourceDate "2004.12.16"]

1. c4 Nf6 2. Nc3 e6 3. e4 d6 4. d4 d5 5. e5 Nfd7 6. cxd5 exd5 7. Nf3 Nc6 8. a3
Nb6 9. Bf4 Bg4 10. Be2 Bxf3 11. Bxf3 Be7 12. O-O Bg5 13. Bxg5 Qxg5 14. Rc1 Rd8
15. g3 O-O 16. Kg2 Kh8 17. Re1 f6 18. exf6 Qxf6 19. Nb5 a6 20. Nxc7 Nxd4 21.
Rc3 h6 22. b3 a5 23. a4 h5 24. h4 Kh7 25. Ree3 Rd7 26. Qd3+ Kh6 27. Ne8 Qf7 28.
Qxd4 Nc4 29. bxc4 dxc4 30. Qxc4 Qxc4 31. Rxc4 Rdf7 32. Nd6 Rd7 33. Nxb7 Rdf7
34. Nxa5 Rf5 35. Rc6+ g6 36. Nc4 R5f6 37. Rxf6 Rxf6 38. a5 Ra6 39. Bb7 Ra7 40.
a6 g5 41. Re6+ 1-0

[Event "63. BEM 2009"]
[Site "Dortmund"]
[Date "2009.02.26"]
[Round "3.26"]
[White "Müller, Michaela"]
[Black "Gennat, Egon L"]
[Result "1-0"]
[WhiteElo "1025"]
[BlackElo "1362"]
[PlyCount "149"]
[EventDate "2009.??.??"]
[Source "SG Dortmund"]
[SourceDate "2004.12.16"]

1. d4 Nf6 2. c4 g6 3. e3 Bg7 4. Nf3 b6 5. Nc3 Bb7 6. Be2 O-O 7. O-O e6 8. Bd2
c5 9. dxc5 bxc5 10. b3 Ne4 11. Rc1 Nxd2 12. Qxd2 a6 13. Qd6 Qa5 14. Na4 Rc8 15.
Qb6 Qxb6 16. Nxb6 Nc6 17. Nxa8 Rxa8 18. Rcd1 Rd8 19. a3 Bb2 20. a4 Nb4 21. Ne1
d5 22. Rd2 Bc3 23. Rd1 d4 24. exd4 cxd4 25. Nd3 Nc6 26. Bf3 f6 27. Nc5 Ba8 28.
Nxe6 Rb8 29. Bxc6 Bxc6 30. Nxd4 Bxd4 31. Rxd4 Rxb3 32. f3 Bxa4 33. Rd6 Rb4 34.
c5 Rc4 35. Rxa6 Bb5 36. Rxf6 Rxc5 37. Rd1 Kg7 38. Rfd6 Be8 39. Kf2 h5 40. R1d4
Re5 41. h4 Re7 42. g4 hxg4 43. fxg4 Re5 44. R4d5 Re4 45. Kf3 Re1 46. h5 gxh5
47. gxh5 Rg1 48. Re5 Kf8 49. h6 Rf1+ 50. Kg4 Rg1+ 51. Kf3 Rf1+ 52. Ke4 Re1+ 53.
Kd5 Bf7+ 54. Kd4 Rd1+ 55. Kc5 Rc1+ 56. Kb6 Rb1+ 57. Rb5 Rxb5+ 58. Kxb5 Kg8 59.
Kc5 Kh7 60. Kd4 Bg6 61. Ke5 Kxh6 62. Kf6 Bc2 63. Rd2 Bg6 64. Rh2+ Bh5 65. Kf5
Kg7 66. Rxh5 Kf7 67. Rh6 Ke7 68. Re6+ Kf7 69. Ke5 Kg7 70. Rf6 Kh7 71. Kf5 Kg7
72. Kg5 Kh7 73. Rg6 Kh8 74. Kf6 Kh7 75. Kf7 1-0